Protecting abused and neglected children /

Bibliographic Details
Main Author: Wald, Michael S., 1941-
Other Authors: Carlsmith, J. Merrill, 1936-, Leiderman, P. Herbert
Format: Book
Language:English
Published: Stanford, Calif. : Stanford University Press, [1988]
Subjects:

MARC

Tag First Indicator Second Indicator Subfields
LEADER 00000cam a2200000 a 4500
001 in00000017228
005 20151007053421.0
008 870610s1988 cau b 00110 eng
010 |a  87010208  
020 |a 0804714207 (alk. paper) :  |c $32.50 
035 |a (OCoLC)16091532 
035 |9 AAB1586AM 
040 |a DLC  |c DLC  |d TXA  |d UtOrBLW 
043 |a n-us---  |a n-us-ca 
049 |a TXAM  |c [A11466151] 
050 0 0 |a HV741  |b .W24 1988 
082 0 |a 362.7/044  |2 19 
100 1 |a Wald, Michael S.,  |d 1941- 
245 1 0 |a Protecting abused and neglected children /  |c Michael S. Wald, J.M. Carlsmith & P.H. Leiderman with Carole Smith & Rita deSales French. 
264 1 |a Stanford, Calif. :  |b Stanford University Press,  |c [1988] 
264 4 |c ©1988 
300 |a xvi, 249 pages ;  |c 23 cm. 
336 |a text  |b txt  |2 rdacontent 
337 |a unmediated  |b n  |2 rdamedia 
338 |a volume  |b nc  |2 rdacarrier 
504 |a Bibliography: pages [233]-239. 
500 |a Includes index. 
650 0 |a Abused children  |x Services for  |z United States. 
650 0 |a Abused children  |x Protection  |z United States. 
650 0 |a Abused children  |x Protection  |z California. 
650 0 |a Social work with children  |z United States. 
650 0 |a Child development. 
700 1 |a Carlsmith, J. Merrill,  |d 1936- 
700 1 |a Leiderman, P. Herbert. 
999 |a MARS 
999 f f |s d1a40a90-3b5e-3a5d-b52a-daaf854b6dae  |i 3def8873-12b9-3ca7-87d8-51ec56c2520c  |t 0 
952 f f |p ric  |a Texas A&M University  |b Rellis Campus  |c Joint Library Facility  |d Remote Storage  |t 0  |e HV741 .W24 1988  |h Library of Congress classification  |i unmediated -- volume  |m A14811466151 
998 f f |a HV741 .W24 1988  |t 0  |l Remote Storage